Einwilligung zur Heilbehandlung untergebrachter Kranker?

Saved in:  
Bibliographic Details
Main Author: Arzt, Gunther 1936- (Author)
Format: Print Article
Language:German
Published: 1967
In: Neue juristische Wochenschrift
Year: 1967, Volume: 20, Pages: 668-671
Check availability: HBZ Gateway
Keywords:

MARC

LEADER 00000caa a2200000 c 4500
001 1631892746
003 DE-627
005 20220607131422.0
007 tu
008 130514s1967 xx ||||| 00| ||ger c
035 |a (DE-627)1631892746 
035 |a (DE-576)382124383 
035 |a (DE-599)BSZ382124383 
040 |a DE-627  |b ger  |c DE-627  |e rakwb 
041 |a ger 
100 1 |a Arzt, Gunther  |d 1936-  |0 (DE-588)104705485  |0 (DE-627)512027072  |0 (DE-576)160110459  |4 aut 
109 |a Arzt, Gunther 1936- 
245 1 0 |a  Einwilligung zur Heilbehandlung untergebrachter Kranker?  |c G. Arzt 
264 1 |c 1967 
336 |a Text  |b txt  |2 rdacontent 
337 |a ohne Hilfsmittel zu benutzen  |b n  |2 rdamedia 
338 |a Band  |b nc  |2 rdacarrier 
773 0 8 |i In  |t Neue juristische Wochenschrift  |d München : Beck, 1947  |g 20(1967), Seite 668-671  |w (DE-627)129457922  |w (DE-600)200146-9  |w (DE-576)01482132X  |x 0341-1915  |7 nnas 
773 1 8 |g volume:20  |g year:1967  |g pages:668-671 
951 |a AR 
ELC |b 1 
LOK |0 000 xxxxxcx a22 zn 4500 
LOK |0 001 3283291810 
LOK |0 003 DE-627 
LOK |0 004 1631892746 
LOK |0 005 20141020084807 
LOK |0 008 130514||||||||||||||||ger||||||| 
LOK |0 040   |a DE-21-110  |c DE-627  |d DE-21-110 
LOK |0 689   |a s  |a Arztstrafrecht 
LOK |0 689   |a s  |a Stationäre Behandlung 
LOK |0 852   |z Kein Bestand am IfK; Nachweis für KrimDok 
LOK |0 852   |a DE-21-110 
LOK |0 852 1  |m v  |9 00 
LOK |0 935   |a k110 
LOK |0 938   |k v 
LOK |0 939   |a 14-05-13  |b l01 
ORI |a SA-MARC-krimdoka001.raw